Combating HIV and AIDS in the private sector (Record no. 79472)

MARC details
000 -LEADER
fixed length control field 00817nam a2200181 a 4500
008 - FIXED-LENGTH DATA ELEMENTS--GENERAL INFORMATION
fixed length control field 161013s2008 ||||||||||||||||| || u
050 ## - LIBRARY OF CONGRESS CALL NUMBER
Classification number NAC(02)2008/1A
110 ## - MAIN ENTRY--CORPORATE NAME
Corporate name or jurisdiction name as entry element National AIDS Council (NAC)
245 10 - TITLE STATEMENT
Title Combating HIV and AIDS in the private sector
Statement of responsibility, etc. By National AIDS Council (NAC)
250 ## - EDITION STATEMENT
Edition statement 3rd ed.
260 ## - PUBLICATION, DISTRIBUTION, ETC.
Place of publication, distribution, etc. Lusaka
Name of publisher, distributor, etc. National AIDS Council (NAC)
Date of publication, distribution, etc. 2008
300 ## - PHYSICAL DESCRIPTION
Extent 139p.: ill.
500 ## - GENERAL NOTE
General note Bibliography
650 ## - SUBJECT ADDED ENTRY--TOPICAL TERM
Topical term or geographic name entry element HIV/AIDS PREVENTION--WORKPLACE--ZAMBIA
650 ## - SUBJECT ADDED ENTRY--TOPICAL TERM
Topical term or geographic name entry element AIDS (DISEASE)--ZAMBIA--DIRECTORIES
995 ## -
-- SPECIAL COLLECTIONS
-- 2665
-- CBU-MAIN LIBRARY (Kitwe)
-- NAC(02)2008/1A
-- 1
-- AVAILABLE
-- Oct 19, 2016
-- B2665
-- International Publications
995 ## -
-- SPECIAL COLLECTIONS
-- 2668
-- CBU-MAIN LIBRARY (Kitwe)
-- NAC(02)2008/1B
-- 2
-- AVAILABLE
-- Oct 19, 2016
-- B2668
-- International Publications
999 ## -
-- 79472
-- 79472
Holdings
Withdrawn status Lost status Source of classification or shelving scheme Damaged status Not for loan Permanent Location Current Location Shelving location Date acquired Total Checkouts Full call number Barcode Date last seen Copy number Price effective from Koha item type
          CBU-MAIN LIBRARY, KITWE. CBU-MAIN LIBRARY, KITWE.   06/29/2023   NAC(02)2008/1A B2665 06/29/2023 1 06/29/2023 SPECIAL COLLECTION
          CBU-MAIN LIBRARY, KITWE. CBU-MAIN LIBRARY, KITWE.   06/29/2023   NAC(02)2008/1B B2668 06/29/2023 2 06/29/2023 SPECIAL COLLECTION